Peti kayu ajaib

Bibliographic Details
Other Authors: Penterjemah Fauziah Abdul Aziz
Format: Book
Published: Kuala Lumpur : Teachatot Publications , 2005
Series:Siri cerita dongeng ajaib
Subjects:

MARC

LEADER 00000cam a2200000 7i4500
001 0000001332
005 20151222.0
008 070704
020 |a 9833450350 
090 0 0 |a JF   |b FT MAL (1460) 
245 1 0 |a Peti kayu ajaib   |c Penterjemah Fauziah Abdul Aziz 
260 |a Kuala Lumpur :   |b Teachatot Publications ,   |c 2005 
440 |a Siri cerita dongeng ajaib 
500 |a Children ages 7-9 years old (orange) 
650 0 |a Fiction 
650 0 |a Judul 
650 0 |a Siri 
650 0 |a Tales 
700 1 |a Penterjemah Fauziah Abdul Aziz 
999 |a 0000955219   |b Book   |c Children Collection   |e Perbadanan Perpustakaan Awam Johor 
999 |a 0000955220   |b Book   |c Children Collection   |e Perbadanan Perpustakaan Awam Johor 
999 |a 0000955221   |b Book   |c Children Collection   |e Perbadanan Perpustakaan Awam Johor 
999 |a 0000955222   |b Book   |c Children Collection   |e Perbadanan Perpustakaan Awam Johor 
999 |a 0000955223   |b Book   |c Children Collection   |e Perbadanan Perpustakaan Awam Johor